Life-span development

Salvato in:
Dettagli Bibliografici
Autore principale: SANTROCK, John W.
Natura: Libro
Lingua:inglese
Pubblicazione: McGraw-Hill Education 2017.
Tags: Aggiungi Tag
Nessun Tag, puoi essere il primo ad aggiungerne!!

MARC

LEADER 00000nam a22000007a 4500
008 211025b ||||| |||| 00| 0 eng d
020 |a  978-1-259-25483-3 
100 |a SANTROCK, John W. 
245 |a Life-span development  |c John W. Santrock  |g  xliv, 616p. 
250 |b 16th ed.-   |c John W. Santrock 
260 |b McGraw-Hill Education  |c 2017.   |h New York  |i 690878,  |i 690879 – EDU.  |l BF713 .Sa5  |m Developmental psychology – Textbooks  |m Title. 
500 |a “It includes index”. 
942 |a lcc  |c BK  |e j. o. ifatola  |f 25/ 10/ 2021 
952 |0 0  |1 0  |2 lcc  |4 0  |6 BF0713 S A5  |7 0  |9 3667  |a HOL  |b HOL  |c AF  |d 2021-10-25  |l 0  |o BF713 .Sa5  |p 2021-67403  |r 2021-10-25 00:00:00  |w 2021-10-25  |y BK 
952 |0 0  |1 0  |2 ddc  |4 0  |6 BF_713_000000000000000__SA5  |7 0  |9 3668  |a HOL  |b ED  |d 2021-10-25  |l 0  |o BF713 .Sa5  |p 2021-67404  |r 2021-10-25 00:00:00  |w 2021-10-25  |y BK 
999 |c 1822  |d 1822